Useful macroeconomics for schools and colleges. / (Record no. 8432)
[ view plain ]
| 000 -LEADER | |
|---|---|
| fixed length control field | 00790nam a22002177a 4500 |
| 003 - CONTROL NUMBER IDENTIFIER | |
| control field | OSt |
| 005 - DATE AND TIME OF LATEST TRANSACTION | |
| control field | 20220118161257.0 |
| 008 - FIXED-LENGTH DATA ELEMENTS--GENERAL INFORMATION | |
| fixed length control field | 190731b xxu||||| |||| 00| 0 eng d |
| 020 ## - INTERNATIONAL STANDARD BOOK NUMBER | |
| International Standard Book Number | 9789964980515 |
| 040 ## - CATALOGING SOURCE | |
| Transcribing agency | LC |
| 050 ## - LIBRARY OF CONGRESS CALL NUMBER | |
| Classification number | HB172.5.A16 |
| 100 ## - MAIN ENTRY--PERSONAL NAME | |
| Fuller form of name | Abudu, A. O |
| 245 ## - TITLE STATEMENT | |
| Title | Useful macroeconomics for schools and colleges. / |
| Statement of responsibility, etc. | A. O. Abudu |
| 260 ## - PUBLICATION, DISTRIBUTION, ETC. | |
| Place of publication, distribution, etc. | Accra: |
| Name of publisher, distributor, etc. | Dyno-Media, |
| Date of publication, distribution, etc. | 1996. |
| 300 ## - PHYSICAL DESCRIPTION | |
| Extent | 240 p. : |
| Other physical details | ill, ; |
| 490 ## - SERIES STATEMENT | |
| Materials specified | Useful economics |
| 500 ## - GENERAL NOTE | |
| General note | Includes index. |
| 505 ## - FORMATTED CONTENTS NOTE | |
| Formatted contents note | Contents : The current world as it is -- National income: its determination -- Elements of public finance -- International trade -- International trade policies -- Money and banking -- Miscellaneous issues related to the monetary sector -- |
| 653 ## - INDEX TERM--UNCONTROLLED | |
| Uncontrolled term | Macroeconomics |
| 942 ## - ADDED ENTRY ELEMENTS (KOHA) | |
| Source of classification or shelving scheme | Library of Congress Classification |
| Koha item type | Books |
| Withdrawn status | Lost status | Source of classification or shelving scheme | Damaged status | Not for loan | Home library | Current library | Shelving location | Date acquired | Total Checkouts | Full call number | Barcode | Date last seen | Copy number | Price effective from | Koha item type |
|---|---|---|---|---|---|---|---|---|---|---|---|---|---|---|---|
| Library of Congress Classification | WISCONSIN INTERNATIONAL UNIVERSITY COLLEGE, GHANA KUMASI LIBRARY | WISCONSIN INTERNATIONAL UNIVERSITY COLLEGE, GHANA KUMASI LIBRARY | General Stacks | 25/10/2019 | HB172.5.A16 | K/598/598/19 | 18/01/2022 | 1 | 18/01/2022 | Books | |||||
| Library of Congress Classification | WISCONSIN INTERNATIONAL UNIVERSITY COLLEGE, GHANA KUMASI LIBRARY | WISCONSIN INTERNATIONAL UNIVERSITY COLLEGE, GHANA KUMASI LIBRARY | General Stacks | 25/10/2019 | HB172.5.A161 | K/599/599/19 | 18/01/2022 | 2 | 18/01/2022 | Books | |||||
| Library of Congress Classification | WISCONSIN INTERNATIONAL UNIVERSITY COLLEGE, GHANA KUMASI LIBRARY | WISCONSIN INTERNATIONAL UNIVERSITY COLLEGE, GHANA KUMASI LIBRARY | General Stacks | 25/10/2019 | HB172.5.A162 | K/600/600/19 | 18/01/2022 | 3 | 18/01/2022 | Books |
